000 01886nam1a2200313 i 4500
001 RU\NLR\BIBL_A\012216410
005 20240921190712.0
035 _a(RuMoRGB)010211801
035 _a(NLR Aleph) 012216410
090 _a10909152
_c10909152
100 _a20200131g2019 u y0rusy50 ca
101 0 _arus
102 _aRU
105 _a||||j||||||||
181 0 _ai
_baxxe
182 0 _an
200 1 _aМатематический анализ
_eфункции одной вещественной переменной
_eучебное пособие
_fВ.К. Лащенов, М.Г. Сулимов
_gФедеральное агентство морского и речного транспорта, Федеральное государственное бюджетное образовательное учреждение высшего образования Государственный университет морского и речного флота имени адмирала С.О. Макарова
203 _aТекст
_bвизуальный
_cнепосредственный
210 _aСанкт-Петербург
_cИзд-во ГУМРФ имени адмирала С. О. Макарова
_d2019
215 _d21
300 _aВ вып. дан. авт.: Лащенов В.К., канд. физ.-мат. наук, проф., Сулимов М.Г., доц.
606 1 _aФункции действительного переменного
_jУчебные издания для высших учебных заведений
_9952579
_3RU\NLR\AUTH\66354449
686 1 _aВ161.4я73-1
700 1 _aЛащенов
_bВ. К.
_gВладимир Константинович
701 1 _aСулимов
_bМ. Г.
_gМихаил Григорьевич
852 _aNLR
_j2020-4/769
942 _cBOOK